Best NFL WR's 2024 season - Statistics

General Stats
  • This quiz has been taken 240 times
  • The average score is 3 of 10
Answer Stats
# on list player % Correct
1 Justin Jefferson
96%
2 Ja'Marr Chase
93%
4 CeeDee Lamb
62%
10 Chris Godwin
17%
8 Brian Thomas Jr.
15%
6 Jayden Reed
9%
3 Garret Wilson
4%
7 Terry McLaurin
4%
5 Zay Flowers
4%
9 Darnell Mooney
1%
No matching quizzes found
Score Distribution
Percent of People with Each Score
Percentile by Number Answered
Your Score History
You have not taken this quiz